000 00718nam a22002537a 4500
001 BR0204255
003 BR-BrBNA
005 20230928101135.0
007 ta
008 230509b bl.||||| |||| 00| 0 por d
040 _aBR-BrBNA
_bpor
_cBiblioteca Nacional de Agricultura
041 _a(Por)
072 _aB50; A01
_b3240
090 _ 3240 BR0204255
100 1 _aFeio, M.
245 1 _aA reconversão da agricultura e a problemática do eucalipto
260 3 _aLisboa (Portugal):
_bAssociação Central de Agricultura Portuguesa,
_c1989.
300 _a166 p.
650 _aEUCALIPTO
650 _aHISTÓRIA
650 _aDESENVOLVIMENTO AGRÍCOLA
909 _a202309
_bLucia
_c55
_dLucia Elande
942 _cBK
999 _c64433
_d64433